000 00417nam a2200181Ia 4500
003 OSt
005 20221007083223.0
006 a|||||r|||| 00| 0
007 ta
008 221006b |||||||| |||| 00| 0 eng d
024 _a20,309
037 _cTextual
040 _aFLL
_cFLL
_beng
041 _2eng
_aeng
245 0 _aAir and space law - legal instrument
942 _cTEXL
_2CC
999 _c1169272
_d1169272